[Event "VII Cto. de España Abierto Zona Sur"]
[Site "Almeria (España)"]
[Date "2007.09.04"]
[Round "2.9"]
[White "Delgado Palomeque, Marco A"]
[Black "Machin Arbelo, Pedro Alexis"]
[Result "1-0"]
[WhiteElo "2232"]
[BlackElo "2121"]
[PlyCount "49"]
[EventDate "2007.09.??"]
[EventType "swiss"]
[EventRounds "7"]
[EventCountry "ESP"]

1. e4 e6 2. Nf3 c5 3. Nc3 Nc6 4. d4 cxd4 5. Nxd4 Nf6 6. Nxc6 dxc6 7. Qxd8+ Kxd8
8. Bg5 Be7 9. O-O-O+ Nd7 10. Bf4 Bb4 11. Bc4 b5 12. Nxb5 cxb5 13. Bxb5 a5 14.
Rd3 Ke7 15. Rhd1 Nc5 16. Bd6+ Kf6 17. Rf3+ Kg6 18. Rg3+ Kf6 19. e5+ Kf5 20. a3
Ba6 21. axb4 axb4 22. Bxa6 Nxa6 23. Rxg7 Ra7 24. Rd4 h5 25. g3 1-0

[Event "VII Cto. de España Abierto Zona Sur"]
[Site "Almeria (España)"]
[Date "2007.09.04"]
[Round "2.10"]
[White "Figuero Toro, Julian"]
[Black "Vega Gutierrez, Belinda Vidina"]
[Result "1/2-1/2"]
[WhiteElo "2254"]
[BlackElo "2098"]
[PlyCount "152"]
[EventDate "2007.09.??"]
[EventType "swiss"]
[EventRounds "7"]
[EventCountry "ESP"]

1. g3 d5 2. Bg2 c5 3. Nf3 Nc6 4. O-O e6 5. d3 Bd6 6. Nbd2 Nge7 7. e4 O-O 8. Re1
f6 9. c3 Rb8 10. exd5 Nxd5 11. Nb3 Qc7 12. d4 c4 13. Nc5 Nd8 14. Ne4 Be7 15. h4
Nf7 16. h5 Rd8 17. Qe2 b5 18. a3 Bf8 19. Bd2 e5 20. dxe5 Nxe5 21. Nxe5 Qxe5 22.
Qf3 Qf5 23. Rad1 Qxf3 24. Bxf3 Bf5 25. Bc1 Nb6 26. g4 Rxd1 27. Rxd1 Bd7 28. h6
f5 29. gxf5 Bxf5 30. hxg7 Bxg7 31. Nd6 Bd7 32. Be3 Be5 33. Bxb6 Rxb6 34. Nf7
Rg6+ 35. Kh1 Kxf7 36. Rxd7+ Ke8 37. Rxa7 Rh6+ 38. Kg2 Bf4 39. Rb7 Rg6+ 40. Kf1
Rg5 41. Bc6+ Kd8 42. Bxb5 Rc5 43. Ba4 Bc1 44. Rb4 h5 45. Bb5 h4 46. Bxc4 Bxb2
47. Rxb2 Rxc4 48. Rb3 h3 49. Kg1 Rg4+ 50. Kh2 Rg2+ 51. Kxh3 Rxf2 52. Kg3 Rf1
53. Kg2 Rf5 54. a4 Kc7 55. Rb5 Rf4 56. Rb4 Rf5 57. Kg3 Kc6 58. Rb3 Rf1 59. Rb4
Kc5 60. Rb8 Ra1 61. Ra8 Kc6 62. Kf4 Kb7 63. Ra5 Kb6 64. Rb5+ Kc6 65. Rb4 Ra3
66. Rc4+ Kd5 67. Rc8 Rxa4+ 68. Ke3 Rh4 69. Kd3 Rh3+ 70. Kc2 Rh4 71. Kb3 Rg4 72.
c4+ Kd6 73. Kb4 Rg5 74. Rh8 Kc6 75. Rh6+ Kc7 76. c5 Rg1 1/2-1/2

[Event "VII Cto. de España Abierto Zona Sur"]
[Site "Almeria (España)"]
[Date "2007.09.04"]
[Round "2.11"]
[White "Llanes Hurtado, Miguel"]
[Black "Martinez Rubi, Alberto"]
[Result "1-0"]
[WhiteElo "2446"]
[BlackElo "1960"]
[PlyCount "59"]
[EventDate "2007.09.??"]
[EventType "swiss"]
[EventRounds "7"]
[EventCountry "ESP"]

1. d4 Nf6 2. Nf3 g6 3. c4 Bg7 4. Nc3 O-O 5. e4 d6 6. Be2 Nbd7 7. Be3 e5 8. O-O
Ng4 9. Bg5 f6 10. Bc1 f5 11. h3 fxe4 12. Nxe4 Ngf6 13. Bg5 Qe8 14. Nc3 a6 15.
Re1 h6 16. Be3 Qf7 17. Qc2 Re8 18. Bd3 Nf8 19. dxe5 dxe5 20. Bc5 N6d7 21. Ba3
b6 22. Be4 Ra7 23. Bxf8 Nxf8 24. Bd5 Be6 25. Nxe5 Bxe5 26. Rxe5 c5 27. Rae1
Rae7 28. Qe2 b5 29. cxb5 axb5 30. Nxb5 1-0

[Event "VII Cto. de España Abierto Zona Sur"]
[Site "Almeria (España)"]
[Date "2007.09.04"]
[Round "2.12"]
[White "Spitzer Isbert, Ramon"]
[Black "Moral Garcia, Serafin"]
[Result "1-0"]
[WhiteElo "2097"]
[BlackElo "1907"]
[PlyCount "119"]
[EventDate "2007.09.??"]
[EventType "swiss"]
[EventRounds "7"]
[EventCountry "ESP"]

1. Nf3 d5 2. c4 e6 3. b3 dxc4 4. bxc4 b6 5. g3 Bb7 6. Bg2 Nf6 7. O-O Be7 8. Bb2
O-O 9. d3 Nbd7 10. Nbd2 c5 11. a4 Qc7 12. a5 e5 13. Qc2 Rfe8 14. Rfd1 Bf8 15.
axb6 axb6 16. Rxa8 Bxa8 17. Ra1 Bc6 18. Bc3 e4 19. dxe4 Nxe4 20. Nxe4 Bxe4 21.
Qb2 Bc6 22. Nh4 Bxg2 23. Nxg2 Qc6 24. Rd1 Qa4 25. Rd3 Qxc4 26. Rxd7 Rxe2 27.
Rd2 Rxd2 28. Qxd2 b5 29. Ne3 Qb3 30. Kg2 b4 31. Be5 Qe6 32. Qd5 Qxd5+ 33. Nxd5
f6 34. Bf4 Kf7 35. Kf3 Ke6 36. Nb6 Be7 37. Ke4 f5+ 38. Kd3 Bf6 39. Kc4 Bc3 40.
Be3 Ke5 41. f3 h6 42. Nd7+ Ke6 43. Nxc5+ Kf7 44. Nd3 g5 45. Nxb4 Be5 46. Kd5
Bc7 47. Bd4 Kg6 48. Be5 Bb6 49. g4 fxg4 50. fxg4 h5 51. h3 hxg4 52. hxg4 Be3
53. Ke6 Bd2 54. Nd5 Bc1 55. Ne7+ Kh6 56. Kf7 Kh7 57. Ng8 Bb2 58. Nf6+ Kh6 59.
Bd6 Ba3 60. Bf8+ 1-0

[Event "VII Cto. de España Abierto Zona Sur"]
[Site "Almeria (España)"]
[Date "2007.09.04"]
[Round "2.13"]
[White "Barranco Cara, Francisco Javier"]
[Black "Canabate Carmona, Francisco"]
[Result "1/2-1/2"]
[WhiteElo "1887"]
[BlackElo "2093"]
[PlyCount "42"]
[EventDate "2007.09.??"]
[EventType "swiss"]
[EventRounds "7"]
[EventCountry "ESP"]

1. d4 Nf6 2. Nf3 e6 3. c4 Bb4+ 4. Bd2 a5 5. e3 d5 6. Bd3 O-O 7. a3 Be7 8. Nc3
Nbd7 9. O-O c5 10. Qe2 b6 11. Rad1 cxd4 12. exd4 Ba6 13. Ne5 Rc8 14. cxd5 Bxd3
15. Nxd3 Nxd5 16. Nxd5 exd5 17. Rc1 Rc4 18. Nf4 Rxd4 19. Be3 Re4 20. Nxd5 Bc5
21. Qf3 Bxe3 1/2-1/2

[Event "VII Cto. de España Abierto Zona Sur"]
[Site "Almeria (España)"]
[Date "2007.09.04"]
[Round "2.14"]
[White "De Nacimiento Montano, Angel"]
[Black "Munoz Nortes, Jose Antonio"]
[Result "1/2-1/2"]
[WhiteElo "1999"]
[BlackElo "1865"]
[PlyCount "77"]
[EventDate "2007.09.??"]
[EventType "swiss"]
[EventRounds "7"]
[EventCountry "ESP"]

1. e4 d5 2. exd5 Qxd5 3. Nc3 Qd8 4. Nf3 Bg4 5. Bc4 e6 6. d4 Nf6 7. Be3 c6 8. h3
Bh5 9. O-O Nbd7 10. Re1 Be7 11. Be2 O-O 12. Ne5 Bxe2 13. Qxe2 Nd5 14. Nxd5 cxd5
15. Rad1 Rc8 16. c3 Bf6 17. Ng4 Bg5 18. Bxg5 Qxg5 19. Rd3 Qd8 20. Rg3 Nf6 21.
Qe5 Kh8 22. Nh2 Rg8 23. Qe2 Qc7 24. Rf3 Qc4 25. Qxc4 Rxc4 26. Nf1 Rc7 27. Nd2
Rgc8 28. Rfe3 Kg8 29. f4 h5 30. g3 g6 31. Kf2 b6 32. Kf3 Kg7 33. R3e2 Rh8 34.
Rh1 a6 35. Ke3 Ne8 36. Kd3 Nd6 37. Rc1 b5 38. b3 Rhc8 39. Ree1 1/2-1/2

[Event "VII Cto. de España Abierto Zona Sur"]
[Site "Almeria (España)"]
[Date "2007.09.04"]
[Round "2.15"]
[White "Aleman Alamo, Nicolas"]
[Black "De Nacimiento Montano, Antonio"]
[Result "0-1"]
[WhiteElo "1788"]
[BlackElo "1992"]
[PlyCount "60"]
[EventDate "2007.09.??"]
[EventType "swiss"]
[EventRounds "7"]
[EventCountry "ESP"]

1. d4 g6 2. c4 Bg7 3. Nf3 c5 4. d5 d6 5. Qc2 Nf6 6. Nc3 O-O 7. e4 e6 8. Bd3
exd5 9. exd5 Re8+ 10. Be3 Ng4 11. Nd1 Bh6 12. Qd2 Qe7 13. O-O Nxe3 14. Re1 Bg4
15. Nxe3 Bxf3 16. gxf3 Qg5+ 17. Kh1 Nd7 18. Rg1 Qf4 19. Qd1 Bg7 20. Rg4 Qf6 21.
f4 Qxb2 22. Rg2 Qxa1 23. Qxa1 Bxa1 24. f5 Bd4 25. fxg6 hxg6 26. h4 Bxe3 27.
fxe3 Rxe3 28. Bf5 Nf6 29. Bxg6 fxg6 30. Rxg6+ Kf7 0-1

[Event "VII Cto. de España Abierto Zona Sur"]
[Site "Almeria (España)"]
[Date "2007.09.04"]
[Round "2.16"]
[White "Rodriguez Guerrero, Angela"]
[Black "Ruiz Hervias, Ezequiel"]
[Result "1/2-1/2"]
[WhiteElo "1981"]
[BlackElo "1757"]
[PlyCount "26"]
[EventDate "2007.09.??"]
[EventType "swiss"]
[EventRounds "7"]
[EventCountry "ESP"]

1. e4 c5 2. d3 e6 3. g3 Nf6 4. Bg2 Nc6 5. f4 e5 6. Nf3 d6 7. O-O Nd4 8. f5 g6
9. Nxd4 cxd4 10. fxg6 hxg6 11. Bg5 Bg7 12. Qf3 Bg4 13. Qf2 Qd7 1/2-1/2

[Event "VII Cto. de España Abierto Zona Sur"]
[Site "Almeria (España)"]
[Date "2007.09.04"]
[Round "3.1"]
[White "Campos Gambuti, Luis Maria"]
[Black "Fernandez Siles, Luis"]
[Result "0-1"]
[WhiteElo "2425"]
[BlackElo "2310"]
[PlyCount "58"]
[EventDate "2007.09.??"]
[EventType "swiss"]
[EventRounds "7"]
[EventCountry "ESP"]

1. e4 e5 2. Nf3 Nc6 3. d4 exd4 4. Nxd4 Bc5 5. Nb3 Bb6 6. a4 a6 7. Nc3 d6 8. Nd5
Ba7 9. Qf3 Ne5 10. Qc3 c6 11. Nf4 Nf6 12. f3 Qb6 13. a5 Qf2+ 14. Kd1 g5 15. Ne2
g4 16. Bg5 gxf3 17. gxf3 Nh5 18. f4 Be3 19. fxe5 Bxg5 20. exd6 f6 21. Rg1 Bg4
22. d7+ Kf7 23. Qd4 Be3 24. Qc4+ Ke7 25. Rh1 Rad8 26. c3 Nf4 27. Nbd4 Rxd7 28.
Kc2 Bxd4 29. cxd4 Nxe2 0-1

[Event "VII Cto. de España Abierto Zona Sur"]
[Site "Almeria (España)"]
[Date "2007.09.04"]
[Round "3.2"]
[White "Mascaro March, Pedro"]
[Black "Delgado Palomeque, Marco A"]
[Result "1-0"]
[WhiteElo "2390"]
[BlackElo "2232"]
[PlyCount "51"]
[EventDate "2007.09.??"]
[EventType "swiss"]
[EventRounds "7"]
[EventCountry "ESP"]

1. d4 d5 2. c4 c6 3. Nc3 Nf6 4. e3 e6 5. Nf3 Nbd7 6. Qc2 Bd6 7. e4 e5 8. exd5
cxd5 9. Bg5 exd4 10. Nxd4 O-O 11. O-O-O h6 12. Bh4 dxc4 13. Bxc4 Qc7 14. Ncb5
Bf4+ 15. Kb1 Qb6 16. Rhe1 a6 17. Nc3 Qc5 18. Bb3 Qh5 19. Nf3 Nc5 20. Nd5 Nxb3
21. Bxf6 Nd2+ 22. Rxd2 Bxd2 23. Qxd2 Be6 24. Ne7+ Kh8 25. Re5 Kh7 26. Re1 1-0

[Event "VII Cto. de España Abierto Zona Sur"]
[Site "Almeria (España)"]
[Date "2007.09.04"]
[Round "3.3"]
[White "Camacho Collados, Jose"]
[Black "Vega Gutierrez, Sabrina Neide"]
[Result "0-1"]
[WhiteElo "2269"]
[BlackElo "2321"]
[PlyCount "66"]
[EventDate "2007.09.??"]
[EventType "swiss"]
[EventRounds "7"]
[EventCountry "ESP"]

1. e4 c5 2. Nf3 Nc6 3. d4 cxd4 4. Nxd4 Nf6 5. Nc3 e5 6. Ndb5 d6 7. Bg5 a6 8.
Na3 b5 9. Bxf6 gxf6 10. Nd5 Bg7 11. g3 f5 12. Bg2 fxe4 13. Bxe4 Rb8 14. O-O O-O
15. c3 f5 16. Bg2 Be6 17. Nc2 a5 18. Nf4 exf4 19. Bxc6 fxg3 20. hxg3 f4 21. Nd4
Bc4 22. Be4 Qg5 23. Nf3 Qc5 24. b4 axb4 25. cxb4 Qh5 26. Nd4 Qe5 27. Re1 Qxd4
28. Qh5 h6 29. Qg6 Rf6 30. Qh7+ Kf8 31. Rad1 fxg3 32. Rxd4 gxf2+ 33. Kg2 fxe1=Q
0-1

[Event "VII Cto. de España Abierto Zona Sur"]
[Site "Almeria (España)"]
[Date "2007.09.04"]
[Round "3.4"]
[White "Vega Gutierrez, Belinda Vidina"]
[Black "Teran Alvarez, Ismael"]
[Result "1/2-1/2"]
[WhiteElo "2098"]
[BlackElo "2398"]
[PlyCount "41"]
[EventDate "2007.09.??"]
[EventType "swiss"]
[EventRounds "7"]
[EventCountry "ESP"]

1. e4 c5 2. Nf3 e6 3. d4 cxd4 4. Nxd4 a6 5. Be2 Nf6 6. Nc3 Qc7 7. O-O Nc6 8.
Be3 Be7 9. f4 d6 10. Bf3 O-O 11. Kh1 Re8 12. Qe1 Nxd4 13. Bxd4 e5 14. Be3 b5
15. a3 Bb7 16. Qg3 Rac8 17. Rae1 Bf8 18. fxe5 dxe5 19. Bg5 Nd7 20. Bg4 Rb8 21.
Bf3 1/2-1/2

[Event "VII Cto. de España Abierto Zona Sur"]
[Site "Almeria (España)"]
[Date "2007.09.04"]
[Round "3.5"]
[White "Ferrer Sanchez, Pedro J"]
[Black "Cuesta Bustos, Raul"]
[Result "1-0"]
[WhiteElo "2314"]
[BlackElo "2128"]
[PlyCount "121"]
[EventDate "2007.09.??"]
[EventType "swiss"]
[EventRounds "7"]
[EventCountry "ESP"]

1. e4 c5 2. Nf3 d6 3. d4 cxd4 4. Nxd4 Nf6 5. Nc3 a6 6. Bc4 e6 7. Bb3 b5 8. O-O
Be7 9. f4 b4 10. Na4 Nxe4 11. f5 Nc5 12. fxe6 fxe6 13. Qf3 Bf6 14. Nxe6 Nxe6
15. Qxa8 O-O 16. Be3 Bd7 17. Nb6 Kh8 18. Nxd7 Qxd7 19. Bxe6 Qxe6 20. Ba7 Nd7
21. Qb7 a5 22. Rae1 Qf7 23. b3 Ne5 24. Qxf7 Nxf7 25. Bb6 Ra8 26. Bxa5 h6 27.
Bxb4 Rxa2 28. Re2 d5 29. Rd2 d4 30. c4 Ra8 31. Rxf6 gxf6 32. Rxd4 Rb8 33. Be7
Rxb3 34. Bxf6+ Kg8 35. c5 Rb1+ 36. Kf2 Rc1 37. Rd5 Kh7 38. h4 Kg6 39. Bd4 h5
40. Kf3 Rc2 41. g4 hxg4+ 42. Kxg4 Rg2+ 43. Kf4 Rh2 44. Kg3 Rc2 45. h5+ Kh7 46.
Rd7 Kg8 47. Kf4 Kf8 48. Kf5 Ke8 49. Ra7 Rh2 50. Kg6 Rg2+ 51. Kf6 Nd8 52. h6 Nc6
53. Ra8+ Kd7 54. h7 Rh2 55. h8=Q Rxh8 56. Rxh8 Nxd4 57. Ke5 Nc6+ 58. Kd5 Ne7+
59. Kc4 Kc6 60. Rh6+ Kd7 61. Kb5 1-0

[Event "VII Cto. de España Abierto Zona Sur"]
[Site "Almeria (España)"]
[Date "2007.09.04"]
[Round "3.6"]
[White "Sanchez Botella, Luis Javier"]
[Black "Urbina Perez, Juan Antonio"]
[Result "0-1"]
[WhiteElo "2244"]
[BlackElo "2163"]
[PlyCount "130"]
[EventDate "2007.09.??"]
[EventType "swiss"]
[EventRounds "7"]
[EventCountry "ESP"]

1. d4 e6 2. c4 Nf6 3. Nf3 d5 4. Bg5 Nbd7 5. Nc3 Bb4 6. cxd5 exd5 7. e3 c5 8.
Bd3 Qa5 9. Qc2 c4 10. Bf5 O-O 11. O-O Bxc3 12. bxc3 Re8 13. Nd2 g6 14. Bxd7
Nxd7 15. f3 Nb6 16. h4 Qa4 17. Qb2 Bf5 18. Rfe1 Bd3 19. e4 Qa5 20. Rac1 Re6 21.
e5 Rae8 22. Kf2 Na4 23. Qa3 b5 24. Nf1 Bxf1 25. Kxf1 Rb8 26. Be7 Qb6 27. Bd6
Rb7 28. Rb1 f5 29. g3 f4 30. Kg2 fxg3 31. Rh1 Qa5 32. Bb4 Qd8 33. Qc1 a5 34.
Bd6 Qe8 35. Qd2 Qf7 36. Rh3 Qf5 37. Rhh1 Rf7 38. Rhf1 b4 39. cxb4 c3 40. Qe3
Nb2 41. bxa5 Nd3 42. Rb8+ Kg7 43. f4 Nf2 44. Qxg3 Ne4 45. Qh3 Nxd6 46. Qxf5
Nxf5 47. Rc1 Rc7 48. Rb4 Ra6 49. Ra4 Nxh4+ 50. Kf2 Nf5 51. Ke2 Ng3+ 52. Kd3 Ne4
53. Ra3 Rca7 54. Rb1 Rxa5 55. Rxa5 Rxa5 56. Rb7+ Kf8 57. Rxh7 Rxa2 58. Rc7 Ke8
59. Rc6 Rg2 60. Ra6 Kd7 61. Ra7+ Ke6 62. Ra8 Rd2+ 63. Ke3 Rb2 64. Ra6+ Kf5 65.
e6 Rb7 0-1

[Event "VII Cto. de España Abierto Zona Sur"]
[Site "Almeria (España)"]
[Date "2007.09.04"]
[Round "3.7"]
[White "Sabater Sanchez, Asensio"]
[Black "Morales Camacho, Julian"]
[Result "0-1"]
[WhiteElo "2173"]
[BlackElo "2232"]
[PlyCount "122"]
[EventDate "2007.09.??"]
[EventType "swiss"]
[EventRounds "7"]
[EventCountry "ESP"]

1. d4 Nc6 2. Nf3 d6 3. c4 e5 4. d5 Nce7 5. e4 Ng6 6. Nc3 Be7 7. h3 Nf6 8. g3 h6
9. Bg2 Nh7 10. O-O Ng5 11. h4 Nh7 12. Ne1 Nf6 13. Nd3 a5 14. Qe2 h5 15. f3 O-O
16. Be3 c5 17. dxc6 bxc6 18. Rad1 Qc7 19. b3 Rd8 20. Qf2 Rb8 21. Na4 c5 22. Nc3
Bd7 23. Nb2 Bc6 24. Qc2 Qb7 25. Rd2 Nf8 26. Bh3 Ne6 27. Bxe6 fxe6 28. Nba4 Rf8
29. Rdf2 Rbc8 30. Qe2 Rf7 31. Nb5 Rb8 32. Nbc3 Rbf8 33. Kh2 Rb8 34. Kh3 Qc8 35.
Kh2 Qf8 36. Nb2 Rd8 37. a4 Rb8 38. Nb5 Rb7 39. Nd3 Qb8 40. Kh3 Qc8 41. Bd2 Qa8
42. Qe1 Nd7 43. Bxa5 d5 44. exd5 exd5 45. Nc7 Qc8 46. Nxd5 Rxb3 47. Nc1 Ra3 48.
Ra2 Rxa2 49. Nxa2 Nf6+ 50. Kh2 Nxd5 51. cxd5 Bxd5 52. Nc3 Bxf3 53. Qe3 Qc6 54.
Nb5 e4 55. Bc3 Bf8 56. Be5 Qd5 57. Bf4 Qa2+ 58. Rf2 Qxa4 59. Nc7 Qd1 60. Qc1
Qxc1 61. Bxc1 Rxc7 0-1

[Event "VII Cto. de España Abierto Zona Sur"]
[Site "Almeria (España)"]
[Date "2007.09.04"]
[Round "3.8"]
[White "Pareja Perez, Juan Luis"]
[Black "Llanes Hurtado, Miguel"]
[Result "0-1"]
[WhiteElo "2131"]
[BlackElo "2446"]
[PlyCount "90"]
[EventDate "2007.09.??"]
[EventType "swiss"]
[EventRounds "7"]
[EventCountry "ESP"]

1. e4 c5 2. Nc3 Nc6 3. Nf3 Nf6 4. d4 cxd4 5. Nxd4 e5 6. Nf3 Bb4 7. Bd3 d5 8.
exd5 Nxd5 9. O-O Bxc3 10. bxc3 O-O 11. Qe1 Re8 12. Bc4 Nb6 13. Bb3 h6 14. Qe4
Qf6 15. Bb2 Bf5 16. Qe2 Bg4 17. Qe4 Bxf3 18. gxf3 Nd7 19. Ba3 Nf8 20. Rad1 Rad8
21. Bc1 g5 22. Rd3 Ng6 23. Rfd1 Nh4 24. Bd5 Kg7 25. Kf1 Re7 26. Bb2 Qf4 27.
Qxf4 gxf4 28. Ba3 Rc7 29. Ke2 Nd4+ 30. cxd4 Rxc2+ 31. R1d2 Rxd2+ 32. Rxd2 Rxd5
33. dxe5 Rxd2+ 34. Kxd2 Nxf3+ 35. Kd3 Nxe5+ 36. Ke4 Ng6 37. Bd6 Kf6 38. Bb8 a6
39. Bd6 Kg5 40. Bc7 Kg4 41. Bd8 Kh3 42. Kf5 Kxh2 43. Kf6 Kg2 44. Kxf7 Ne5+ 45.
Ke6 Nd3 0-1

[Event "VII Cto. de España Abierto Zona Sur"]
[Site "Almeria (España)"]
[Date "2007.09.04"]
[Round "3.9"]
[White "Machin Arbelo, Pedro Alexis"]
[Black "Figuero Toro, Julian"]
[Result "0-1"]
[WhiteElo "2121"]
[BlackElo "2254"]
[PlyCount "90"]
[EventDate "2007.09.??"]
[EventType "swiss"]
[EventRounds "7"]
[EventCountry "ESP"]

1. e4 d6 2. d4 Nf6 3. Nc3 Nbd7 4. Be2 e5 5. Be3 Be7 6. h3 O-O 7. Nf3 a6 8. O-O
b5 9. a3 Bb7 10. d5 c6 11. dxc6 Bxc6 12. Bd3 Bb7 13. Nd2 Nc5 14. f4 Nxd3 15.
cxd3 d5 16. fxe5 d4 17. Bg5 dxc3 18. exf6 Bc5+ 19. Kh1 cxd2 20. Rf5 Qxd3 21.
Rxc5 Rfd8 22. Rc2 Qxe4 23. Rxd2 Rd3 24. Qg4 Qxg4 25. hxg4 Rg3 26. Rad1 h6 27.
Rd8+ Kh7 28. fxg7 Rxd8 29. Rxd8 Kxg7 30. Bf4 Bxg2+ 31. Kh2 Rxg4 32. Be5+ f6 33.
Rd7+ Kg6 34. Rd6 Kf5 35. Bc3 Rg6 36. Rxa6 Bf1 37. a4 b4 38. Ra5+ Ke4 39. Bxb4
Rg2+ 40. Kh1 Rxb2 41. Bc3 Rb6 42. Rh5 f5 43. Bg7 Rb1 44. Rxh6 Kf3 45. Kh2 Bg2
0-1

[Event "VII Cto. de España Abierto Zona Sur"]
[Site "Almeria (España)"]
[Date "2007.09.04"]
[Round "3.10"]
[White "De Nacimiento Montano, Antonio"]
[Black "Barrenechea Bahamonde, Gustavo"]
[Result "1-0"]
[WhiteElo "1992"]
[BlackElo "2220"]
[PlyCount "97"]
[EventDate "2007.09.??"]
[EventType "swiss"]
[EventRounds "7"]
[EventCountry "ESP"]

1. e4 c5 2. Nf3 d6 3. d4 cxd4 4. Nxd4 Nf6 5. Nc3 g6 6. Be3 Bg7 7. f3 Nc6 8. Qd2
O-O 9. Bc4 Nd7 10. f4 Nb6 11. Be2 d5 12. Rd1 e5 13. Nxc6 bxc6 14. fxe5 Bxe5 15.
O-O Qd6 16. Bf4 Qc5+ 17. Kh1 Bg7 18. exd5 cxd5 19. Nb5 Nc4 20. Bxc4 dxc4 21.
Nc7 Bb7 22. Nxa8 Bxa8 23. Bd6 Qh5 24. Qf2 Be5 25. Bxe5 Qxe5 26. b3 c3 27. Rd3
Be4 28. Rd7 f5 29. Qd4 Qxd4 30. Rxd4 Bxc2 31. Rc1 Re8 32. Kg1 Re2 33. g3 g5 34.
Rd7 a5 35. Rc7 a4 36. bxa4 Be4 37. R1xc3 f4 38. Kf1 Rd2 39. Rb3 Rd8 40. gxf4
gxf4 41. Rb4 Re8 42. Kf2 f3 43. a5 Bd5 44. Rb2 h5 45. a6 Kh8 46. a7 Bg8 47. Rb8
h4 48. Rxe8 h3 49. Rxg8+ 1-0

[Event "VII Cto. de España Abierto Zona Sur"]
[Site "Almeria (España)"]
[Date "2007.09.04"]
[Round "3.11"]
[White "Barrios Munoz, Rafael Carlos"]
[Black "Spitzer Isbert, Ramon"]
[Result "1-0"]
[WhiteElo "2146"]
[BlackElo "2097"]
[PlyCount "117"]
[EventDate "2007.09.??"]
[EventType "swiss"]
[EventRounds "7"]
[EventCountry "ESP"]

1. e4 Nf6 2. Nc3 d5 3. e5 d4 4. exf6 dxc3 5. fxg7 cxd2+ 6. Qxd2 Qxd2+ 7. Bxd2
Bxg7 8. O-O-O Bf5 9. Ne2 Nc6 10. Ng3 Be6 11. Nh5 Bf8 12. Bc3 Rg8 13. f3 a5 14.
a3 Bh6+ 15. Kb1 Be3 16. Ng7+ Rxg7 17. Bxg7 Nb4 18. axb4 axb4 19. b3 f6 20. Bb5+
Kf7 21. Rhe1 Bf4 22. g3 Be5 23. Rxe5 fxe5 24. Bxe5 Ra5 25. Bxc7 Rxb5 26. g4 h5
27. Rd4 Rc5 28. Bb6 Re5 29. Rxb4 Re2 30. Bc7 hxg4 31. fxg4 Bd5 32. h4 Be4 33.
Rc4 Ke6 34. Rc5 Kf6 35. Bd8 Kf7 36. h5 Rg2 37. g5 e5 38. Bf6 b6 39. Rc7+ Ke6
40. h6 Rh2 41. Kb2 Kd6 42. Rc3 Bg6 43. Ka3 Rxc2 44. Rh3 Rc7 45. Bg7 Bh7 46. Rf3
Rc6 47. g6 Bxg6 48. Rf6+ Kd5 49. Rxg6 Rxg6 50. h7 Rxg7 51. h8=Q Rd7 52. Qa8+
Ke6 53. Qc8 Ke7 54. Qb8 Rd6 55. Kb4 Ke6 56. Qg8+ Kf5 57. Qh7+ Kf4 58. Kc3 e4
59. Qh2+ 1-0

[Event "VII Cto. de España Abierto Zona Sur"]
[Site "Almeria (España)"]
[Date "2007.09.04"]
[Round "3.13"]
[White "Canabate Carmona, Francisco"]
[Black "Lupion Linares, Mariano"]
[Result "1-0"]
[WhiteElo "2093"]
[BlackElo "1947"]
[PlyCount "127"]
[EventDate "2007.09.??"]
[EventType "swiss"]
[EventRounds "7"]
[EventCountry "ESP"]

1. d4 Nf6 2. c4 e6 3. Nc3 d5 4. cxd5 exd5 5. Bg5 c6 6. Qc2 Be7 7. e3 O-O 8. Bd3
Nbd7 9. Nf3 Re8 10. O-O Nf8 11. h3 h6 12. Bxf6 Bxf6 13. b4 b6 14. Rab1 Bb7 15.
Rfc1 Kh8 16. a4 Qd7 17. a5 b5 18. Ne2 a6 19. Nf4 g6 20. Be2 Qd6 21. Nd3 Nd7 22.
Nc5 Nxc5 23. Qxc5 Qxc5 24. Rxc5 Kg8 25. Kf1 Kf8 26. Rcc1 Rac8 27. Ne1 Be7 28.
Nd3 Bd6 29. Nc5 Bxc5 30. Rxc5 Ke7 31. Rbc1 Kd6 32. Bf3 f5 33. Re1 Rc7 34. Rc2
Rce7 35. g3 Bc8 36. Rec1 Bd7 37. h4 g5 38. Re2 Ke6 39. hxg5 hxg5 40. g4 Kf6 41.
gxf5 Kxf5 42. Bg2 g4 43. Kg1 Kg5 44. Kh2 Kh4 45. Rh1 Bf5 46. Ree1 g3+ 47. fxg3+
Kg5 48. Rc1 Rxe3 49. Rhf1 Bd3 50. Rf3 Rxf3 51. Bxf3 Re3 52. Kg2 Bc4 53. Rd1 Rb3
54. Re1 Rb2+ 55. Kh3 Rxb4 56. Re5+ Kf6 57. Bg4 Bf1+ 58. Kh4 Rxd4 59. Rf5+ Ke6
60. Rxf1+ Rxg4+ 61. Kxg4 d4 62. Kh4 c5 63. g4 d3 64. g5 1-0

[Event "VII Cto. de España Abierto Zona Sur"]
[Site "Almeria (España)"]
[Date "2007.09.04"]
[Round "3.14"]
[White "Ruiz Hervias, Ezequiel"]
[Black "De Nacimiento Montano, Angel"]
[Result "0-1"]
[WhiteElo "1757"]
[BlackElo "1999"]
[PlyCount "64"]
[EventDate "2007.09.??"]
[EventType "swiss"]
[EventRounds "7"]
[EventCountry "ESP"]

1. d4 g6 2. Nf3 Bg7 3. e3 c5 4. b3 Nf6 5. Bb2 O-O 6. Bd3 cxd4 7. exd4 d5 8. O-O
Nc6 9. Re1 Re8 10. Nbd2 a6 11. Nf1 Bg4 12. Ne3 Bxf3 13. Qxf3 e5 14. dxe5 Nxe5
15. Qd1 Qc7 16. h3 Rad8 17. Rc1 Qb8 18. c3 Ne4 19. Nc2 Bh6 20. Ne3 Nxf2 21.
Kxf2 Nxd3+ 22. Qxd3 Qf4+ 23. Kg1 Rxe3 24. Qf1 Rde8 25. Rcd1 Qg3 26. Rxe3 Bxe3+
27. Kh1 Bf4 28. Qg1 Bb8 29. Rf1 Re2 30. Bc1 Ba7 31. Qh2 Re1 32. Qxg3 Rxf1+ 0-1

[Event "VII Cto. de España Abierto Zona Sur"]
[Site "Almeria (España)"]
[Date "2007.09.04"]
[Round "3.16"]
[White "Diaz Sanchez, Jose Francisco"]
[Black "Barranco Cara, Francisco Javier"]
[Result "0-1"]
[WhiteElo "1978"]
[BlackElo "1887"]
[PlyCount "106"]
[EventDate "2007.09.??"]
[EventType "swiss"]
[EventRounds "7"]
[EventCountry "ESP"]

1. e4 c5 2. Nf3 d6 3. d4 cxd4 4. Nxd4 Nf6 5. Nc3 a6 6. Be2 e5 7. Nb3 Be7 8. O-O
O-O 9. Be3 Nbd7 10. a4 b6 11. Nd5 Bb7 12. c4 Nxe4 13. Bf3 f5 14. Qd3 Nec5 15.
Nxc5 Nxc5 16. Nxe7+ Qxe7 17. Bd5+ Kh8 18. Qd1 f4 19. Bxc5 dxc5 20. Bxb7 Qxb7
21. Qe2 e4 22. Rfe1 Rae8 23. Rad1 Qc6 24. b3 f3 25. Qe3 Qg6 26. g3 Qf5 27. Kh1
Qh3 28. Rg1 Qg4 29. Rd5 Re6 30. Qg5 Qxg5 31. Rxg5 e3 32. fxe3 Rxe3 33. Rd5 Rxb3
34. a5 Rc8 35. axb6 Rxb6 36. Rf1 Rb4 37. Rxf3 Rxc4 38. Ra3 Rd4 39. Re5 c4 40.
Rc3 Kg8 41. Ra5 Rd3 42. Rc1 Rc6 43. Kg2 Rd2+ 44. Kg1 c3 45. h3 c2 46. Raa1 a5
47. Kf1 Rc5 48. Ke1 Rh2 49. h4 Kf7 50. Kf1 Kf6 51. Kg1 Rd2 52. g4 Ke5 53. Re1+
Kd4 0-1

[Event "VII Cto. de España Abierto Zona Sur"]
[Site "Almeria (España)"]
[Date "2007.09.04"]
[Round "3.17"]
[White "Munoz Nortes, Jose Antonio"]
[Black "Sampalo Lainz, Francisco"]
[Result "1/2-1/2"]
[WhiteElo "1865"]
[BlackElo "1962"]
[PlyCount "60"]
[EventDate "2007.09.??"]
[EventType "swiss"]
[EventRounds "7"]
[EventCountry "ESP"]

1. d4 Nf6 2. Nf3 g6 3. Nc3 d6 4. e4 Bg7 5. h3 O-O 6. Bc4 Nbd7 7. O-O c5 8. e5
Ne8 9. e6 fxe6 10. Bxe6+ Kh8 11. Ng5 cxd4 12. Nb5 Ne5 13. f4 Nc6 14. Nf7+ Rxf7
15. Bxf7 Bf5 16. Bxe8 Qxe8 17. Nc7 Qc8 18. Nxa8 Qxa8 19. a3 Qd8 20. Bd2 Qb6 21.
Kh1 d3 22. c3 Na5 23. b4 Nc4 24. Qe1 Qc7 25. g4 Qc6+ 26. Kh2 Be4 27. Rc1 g5 28.
Kg1 Qb6+ 29. Kh2 Qc6 30. Kg1 Qb6+ 1/2-1/2